000
00285nam a22001337a 4500
008
170612b xxu||||| |||| 00| 0 eng d
020
_a
9780713164206
041
_a
eng
080
_a
32
100
_a
19
101
_a
SHP
245
_a
THE SOVIET SCENE
_c
BATER, J.H
942
_2
udc
_c
BK
999
_c
17003
_d
17003